00663cam a22002173a 450000100060000000300060000600500170001200800410002904000150007004200070008505000070009210000350009924500910013426000290022550600300025451600200028465300410030465300290034583000290037485600420040317354PGUSA20140828083354.0051219s2005||||xxu|||||s|||||000 | eng d aPGUSAbeng adc 4aGB1 aOwen, Luella Agnes,d1852-193210aCave Regions of the Ozarks and Black Hillsh[electronic resource] /cLuella Agnes Owen bProject Gutenberg,c2005 aPublic domain in the USA. aElectronic text aCaves -- Black Hills (S.D. and Wyo.) aCaves -- Ozark Mountains 0aProject Gutenbergv1735440uhttp://www.gutenberg.org/ebooks/17354